Riconosci la Squadra di calcio - Quiz n°343 - Statistics

Statistiche generali
  • Questo quiz è stato fatto 8 volte
  • Il punteggio medio è 5 su 10
Statistiche sulle risposte
Indizio Risposta % Corretto
Simboli Diavolo
100%
Colori sociali Rosso, nero
100%
Titoli nazionali 2 Segunda Division2 Segunda Division B
71%
Divisione nazionale 2023-2024 Prima
57%
Confederazione UEFA
43%
Fondazione 1916
29%
Trofei nazionali 1 Coppe del Re 1 Supercoppe di Spagna
29%
Capienza Stadio 23 142 posti
29%
Trofei internazionali 0
14%
Squadra Mallorca
14%
Nessun quiz corrispondente trovato
Distribuzione punteggi
Percentuale di utenti per punteggio
Percentile per numero di risposta
I tuoi punteggi nel tempo
Non hai fatto questo quiz